| 000 | 00381nam a22001457a 4500 | ||
|---|---|---|---|
| 999 |
_c6033 _d6031 |
||
| 005 | 20210827132753.0 | ||
| 008 | 200225b xxu||||| |||| 00| 0 eng d | ||
| 020 | _a978-81-239-2201-0 | ||
| 041 | _aeng | ||
| 100 |
_aGOYAL, AMIT K AND RATH, GAUTAM, NARANG, RK _95126 |
||
| 245 | _aTEXTBOOK OF PHARMACEUTICAL DISPENSING | ||
| 260 |
_aNEW DELHI _bCBS |
||
| 300 | _a293p, | ||
| 942 | _cBK | ||